00566nam a2200133 a 450000100100000000500170001000800410002704000250006824500990009326000980019230000200029095201050031099900170041500004050720201002034157.0130828s20uu dr 000 0 spa d aDO-SdBNPbspacBNPHU03aLo que el público, el usuario debe saber :bcuando utilice música en su negocio ley 65-00. aSanto Domingo :bSociedad General de Autures, Compositores Dominicanos de Música.,c[200?]. a16 p. ;c14 cm. 0010718PDaPDbPDcCTd2013-08-28iLF1l0o p40507-10r2020-06-25w2020-06-25yLFPDZNo se presta c39997d39997